TEXT BOOK OF FORENSIC MEDICINE & TOXICOLOGY (Record no. 18532)

MARC details
000 -LEADER
fixed length control field 00322nam a22001457a 4500
003 - CONTROL NUMBER IDENTIFIER
control field SGT
082 ## - DEWEY DECIMAL CLASSIFICATION NUMBER
Classification number 614.1
Item number F14D
100 ## - MAIN ENTRY--PERSONAL NAME
Personal name DIKSHIT, P.C.
245 ## - TITLE STATEMENT
Title TEXT BOOK OF FORENSIC MEDICINE & TOXICOLOGY
250 ## - EDITION STATEMENT
Edition statement 2ND
260 ## - PUBLICATION, DISTRIBUTION, ETC. (IMPRINT)
Place of publication, distribution, etc INDIA
Name of publisher, distributor, etc PEEPEE PUB
Year of Publication 2014
300 ## - PAGE DESCRIPTION
No. of Pages 638
650 ## - SUBJECT ADDED ENTRY--TOPICAL TERM
Topical term or geographic name as entry element HOMOEOPATHIC
942 ## - ADDED ENTRY ELEMENTS (KOHA)
Source of classification or shelving scheme Dewey Decimal Classification
Koha item type Books
Holdings
Withdrawn status Lost status Source of classification or shelving scheme Damaged status Not for loan Home library Current library Shelving location Date acquired Vendor Name Cost, normal purchase price SGTU Bill Number Total Checkouts Full call number Accession No. (Barcode) Date last seen Bill Date Koha item type
    Dewey Decimal Classification     Homeopathy Library Homeopathy Library Text Book 19/07/2019 ABC PUB 475.00 SGTU 7136   614.1 F14D FH696 19/07/2019 09/08/2016 Books
    Dewey Decimal Classification     Homeopathy Library Homeopathy Library Text Book 19/07/2019 ABC PUB 475.00 SGTU 7136   614.1 F14D FH697 19/07/2019 09/08/2016 Books
    Dewey Decimal Classification     Homeopathy Library Homeopathy Library Text Book 19/07/2019 ABC PUB 475.00 SGTU 7136   614.1 F14D FH698 19/07/2019 09/08/2016 Books
    Dewey Decimal Classification     Homeopathy Library Homeopathy Library Text Book 19/07/2019 ABC PUB 475.00 SGTU 7136   614.1 F14D FH699 19/07/2019 09/08/2016 Books
    Dewey Decimal Classification     Homeopathy Library Homeopathy Library Text Book 19/07/2019 ABC PUB 475.00 SGTU 7136   614.1 F14D FH700 19/07/2019 09/08/2016 Books